[Event "NOR-ch Class4"]
[Site "Lillehammer"]
[Date "2013.06.29"]
[Round "4"]
[White "Endresen, Ola Torstein"]
[Black "Sand, Morten"]
[Result "1-0"]
[WhiteElo "1200"]
[BlackElo "1202"]
[PlyCount "27"]
[EventDate "2013.06.29"]
[EventType "swiss"]
[EventRounds "9"]
[EventCountry "NOR"]
[SourceTitle "EXT 2017"]
[Source "ChessBase"]
[SourceDate "2016.10.25"]
[SourceVersion "1"]
[SourceVersionDate "2016.10.25"]
[SourceQuality "1"]

1. d4 d5 2. Nc3 Nf6 3. Bg5 e6 4. e4 Be7 5. e5 Nfd7 6. Bxe7 Qxe7 7. f4 c5 8. Nf3 f6 9. Nb5 Nb6 10. Nd6+ Kf8 11. dxc5 Nc4 12. Bxc4 dxc4 13. Nxc8 Qc7 14. Qd6+ 1-0

[Event "NOR-ch Class4"]
[Site "Lillehammer"]
[Date "2013.06.29"]
[Round "9"]
[White "Nesheim, Mathias"]
[Black "Sand, Morten"]
[Result "1-0"]
[WhiteElo "1000"]
[BlackElo "1202"]
[PlyCount "43"]
[EventDate "2013.06.29"]
[EventType "swiss"]
[EventRounds "9"]
[EventCountry "NOR"]
[SourceTitle "EXT 2017"]
[Source "ChessBase"]
[SourceDate "2016.10.25"]
[SourceVersion "1"]
[SourceVersionDate "2016.10.25"]
[SourceQuality "1"]

1. d4 d5 2. Bf4 Nf6 3. Nf3 e6 4. e3 c6 5. c4 Qa5+ 6. Nfd2 Bb4 7. Bd3 dxc4 8. Bxc4 Ne4 9. Bd3 Nxf2 10. Kxf2 Qd8 11. Nf3 Nd7 12. Rf1 Nf6 13. Qb3 Nd5 14. Bg3 Be7 15. a3 f5 16. Nc3 Nf6 17. Kg1 b5 18. Rac1 0-0 19. Bxf5 Nd5 20. e4 exf5 21. exd5 Kh8 22. dxc6 1-0

[Event "NOR-ch Class4"]
[Site "Lillehammer"]
[Date "2013.06.29"]
[Round "3"]
[White "Sand, Morten"]
[Black "Nyland, Ingeborg Marie"]
[Result "1-0"]
[WhiteElo "1202"]
[BlackElo "1012"]
[PlyCount "89"]
[EventDate "2013.06.29"]
[EventType "swiss"]
[EventRounds "9"]
[EventCountry "NOR"]
[SourceTitle "EXT 2017"]
[Source "ChessBase"]
[SourceDate "2016.10.25"]
[SourceVersion "1"]
[SourceVersionDate "2016.10.25"]
[SourceQuality "1"]

1. e4 e5 2. Nf3 d6 3. Nc3 Nf6 4. Bc4 h6 5. d3 Nc6 6. h3 Be7 7. Be3 0-0 8. Qd2 a6 9. Bxh6 Nh5 10. g4 Nf4 11. Bxf4 exf4 12. Qxf4 b5 13. Bd5 Bb7 14. h4 Bf6 15. h5 Rb8 16. g5 Be5 17. Nxe5 dxe5 18. Qd2 Nd4 19. Rh3 c6 20. Bb3 b4 21. Ne2 Bc8 22. Nxd4 Bxh3 23. Nxc6 Qb6 24. Nxb8 Rxb8 25. g6 Be6 26. gxf7+ Kxf7 27. Bxe6+ Qxe6 28. b3 Qg4 29. Qe2 Qg1+ 30. Qf1 Qh2 31. 0-0-0 Qxh5 32. f4 Qh6 33. Kb1 exf4 34. Qf2 g5 35. Qa7+ Ke8 36. Qxb8+ Kd7 37. Qxb4 g4 38. Qd4+ Kc8 39. e5 g3 40. e6 Qxe6 41. Qxf4 g2 42. Rg1 Qh3 43. Qf2 Qh1 44. Qxg2 Qxg2 45. Rxg2 1-0

[Event "NOR-ch Class4"]
[Site "Lillehammer"]
[Date "2013.06.29"]
[Round "2"]
[White "Skaslien, Tor"]
[Black "Sand, Morten"]
[Result "1/2-1/2"]
[WhiteElo "1234"]
[BlackElo "1202"]
[PlyCount "48"]
[EventDate "2013.06.29"]
[EventType "swiss"]
[EventRounds "9"]
[EventCountry "NOR"]
[SourceTitle "EXT 2017"]
[Source "ChessBase"]
[SourceDate "2016.10.25"]
[SourceVersion "1"]
[SourceVersionDate "2016.10.25"]
[SourceQuality "1"]

1. d4 d5 2. Nf3 e6 3. Bf4 Nf6 4. e3 Bd6 5. Bg3 Ne4 6. Nbd2 Nxd2 7. Qxd2 Qe7 8. Bxd6 Qxd6 9. Bd3 Nd7 10. 0-0 c5 11. c3 c4 12. Bc2 Nf6 13. Ne5 0-0 14. f4 b5 15. a3 Ne4 16. Qe1 f6 17. Nf3 Bb7 18. Nd2 Rae8 19. Rf3 e5 20. Nxe4 dxe4 21. fxe5 fxe5 22. Rh3 exd4 23. cxd4 Bc8 24. Rh4 Bf5 1/2-1/2